| 000 | 00905nam a2200193Ia 4500 | ||
|---|---|---|---|
| 999 |
_c38543 _d38543 |
||
| 001 | 4644 | ||
| 003 | GE_BSU | ||
| 005 | 20190508205604.0 | ||
| 008 | 181216s2 ||||g |||||||||||||| ||geo|| | ||
| 040 | _cGE_BSU | ||
| 041 | _ageo | ||
| 080 | _a343(479.22) ს–32 | ||
| 245 | _aსაქართველოს სისხლის სამართლის კოდექსი ანბანურ-საგნობრივი საძიებლით : ცვლილებებითა და დამატებებით 2005 წლის 15 სექტემბრამდე | ||
| 264 |
_aთბილისი . _bბონა კაუზა, _c2005. |
||
| 300 |
_a209 გვ ; _c20 სმ. |
||
| 653 | _aსაქართველოს სისხლის სამართლის კოდექსი. | ||
| 653 | _aსამართალი | ||
| 942 |
_cBK _2udc |
||